000
00291nam a2200121Ia 4500
008
220216s9999 xx 000 0 und d
100
_a
McHenry Louise
245
0
_a
Rubber is far from redundant
260
_b
European Rubber Journal
_c
2013
300
_a
38
650
_a
Rubber
942
_c
JS
999
_c
67741
_d
67741